000 00322nam a22001337a 4500
008 170329b xxu||||| |||| 00| 0 eng d
020 _a9780130975164
041 _aeng
080 _25TH
_a616-053.2
100 _a8
101 _aSHM
245 _aMANAGEMENT OF CHILD DEVELOPMENT CENTERS
_cHEARRON, P.F
942 _2udc
_cBK
999 _c8955
_d8955